00797nam a22001817a 450000500170000000800410001702000150005805000260007324501390009925000110023826001010024930000310035050400280038165000600040965000390046971000780050871000290058620240920124513.0 t ag d gr|||| 00| 0 spa|d a950943138904aHG2710.5.A7bS57 199500aSistemas bancarios y financieros en América Latina c / Centro Interdisciplinario de Estudios sobre el Desarrollo Latinoamericano. a1a ed. aBuenos Aires :bCentro Interdisciplinario de Estudios sobre el Desarrollo Latinoamericano,c1995 a287 p. : bil. ;c23 cm. aIncluye bibliografías 4aBancos y BancaxSistemas financieroszAmérica Latina. 4aFinanzasxBancazAmérica Latina.2 aCentro Interdisciplinario de Estudios sobre el Desarrollo Latinoamericano2 aKonrad-Adenauer-Stiftung